000 00310 a2200121 4500
000 nam a22 7a 4500
005 20260506144834.0
020 _a9789351246404
100 _aNa Khan
_91238670
245 _aQuestion Bank Of Biochemistry
260 _bastrAstral International Pvt Ltd
_c2015
942 _cTEXL
999 _c1851047
_d1851047